<?xml version="1.0" encoding="UTF-8"?><?xml-stylesheet type="text/xsl" href="static/style.xsl"?><OAI-PMH xmlns="http://www.openarchives.org/OAI/2.0/" xmlns:xsi="http://www.w3.org/2001/XMLSchema-instance" xsi:schemaLocation="http://www.openarchives.org/OAI/2.0/ http://www.openarchives.org/OAI/2.0/OAI-PMH.xsd"><responseDate>2026-04-17T08:04:07Z</responseDate><request verb="GetRecord" identifier="oai:www.recercat.cat:10256/9396" metadataPrefix="marc">https://recercat.cat/oai/request</request><GetRecord><record><header><identifier>oai:recercat.cat:10256/9396</identifier><datestamp>2024-06-14T10:39:43Z</datestamp><setSpec>com_2072_452955</setSpec><setSpec>com_2072_2054</setSpec><setSpec>col_2072_452964</setSpec><setSpec>col_2072_453082</setSpec></header><metadata><record xmlns="http://www.loc.gov/MARC21/slim" xmlns:dcterms="http://purl.org/dc/terms/" xmlns:xsi="http://www.w3.org/2001/XMLSchema-instance" xmlns:doc="http://www.lyncode.com/xoai" xsi:schemaLocation="http://www.loc.gov/MARC21/slim http://www.loc.gov/standards/marcxml/schema/MARC21slim.xsd">
   <leader>00925njm 22002777a 4500</leader>
   <datafield ind2=" " ind1=" " tag="042">
      <subfield code="a">dc</subfield>
   </datafield>
   <datafield ind2=" " ind1=" " tag="720">
      <subfield code="a">Martínez Garcia, Esther</subfield>
      <subfield code="e">author</subfield>
   </datafield>
   <datafield ind2=" " ind1=" " tag="720">
      <subfield code="a">Colldeforns, Montserrat</subfield>
      <subfield code="e">author</subfield>
   </datafield>
   <datafield ind2=" " ind1=" " tag="260">
      <subfield code="c">2003</subfield>
   </datafield>
   <datafield ind2=" " ind1=" " tag="520">
      <subfield code="a">We distinguish and quantify which part of the expenditures of the Spanish central government are on own competences, on competences of the regional governments and those that are on shared powers between both levels of government. The results obtained show that a great amount of the expenditures actually done by the central government are in fact on competences of the regional governments and on shared powers</subfield>
   </datafield>
   <datafield ind2=" " ind1=" " tag="520">
      <subfield code="a">El presente trabajo cuantifica el nivel y la composición del gasto que el Estado realiza en competencias propias, competencias de las Comunidades Autónomas y compartidas entre ambos niveles de gobierno. Para ello se utiliza información de gasto liquidado, en términos de obligaciones reconocidas, del presupuesto del Estado. Para delimitar qué tipo de gasto corresponde a cada una de las tres categorías de gasto utilizadas, el análisis parte y distingue, entre la naturaleza funcional, económica y la clasificación orgánica del gasto del presupuesto,  y la distribución de competencias entre niveles de gobierno que establece la Constitución Española y los Estatutos de Autonomía de las CCAA. Los resultados obtenidos muestran que una parte importante del gasto que realiza el Estado no se corresponde al ejercicio de competencias exclusivas</subfield>
   </datafield>
   <datafield ind1="8" ind2=" " tag="024">
      <subfield code="a">http://hdl.handle.net/10256/9396</subfield>
   </datafield>
   <datafield tag="653" ind2=" " ind1=" ">
      <subfield code="a">Pressupost</subfield>
   </datafield>
   <datafield tag="653" ind2=" " ind1=" ">
      <subfield code="a">Budget</subfield>
   </datafield>
   <datafield tag="653" ind2=" " ind1=" ">
      <subfield code="a">Despeses públiques</subfield>
   </datafield>
   <datafield tag="653" ind2=" " ind1=" ">
      <subfield code="a">Expenditures, Public</subfield>
   </datafield>
   <datafield ind2="0" ind1="0" tag="245">
      <subfield code="a">Una aproximación cuantitativa de las cargas del Estado y de las CCAA: distribución de competencias y gasto efectuado</subfield>
   </datafield>
</record></metadata></record></GetRecord></OAI-PMH>